| 000 | 00361nam a22001457a 4500 | ||
|---|---|---|---|
| 003 | SGT | ||
| 020 | _a9789386228512 | ||
| 082 |
_a324.254 _bB08R |
||
| 100 | _aRAJIMWALE, ANIL | ||
| 245 | _aBHARTIYA COMMUNIST PARTY KA ITIHAAS | ||
| 260 |
_aINDIA _bRAJASTHAN PIPULAS PUBLISHING _c2008 |
||
| 300 | _a63 | ||
| 650 | _aINDIAN POLITICAL PARTIES | ||
| 942 |
_2ddc _cBK |
||
| 999 |
_c26250 _d26250 |
||